MDQL
is popping MORE tags! Check the
thread
!
Quizzes
Events
Quiz Creation
Community
Videos
Private Events
Remove Ads
Sign In
Join for FREE
Feedback
Dark Mode
Quiz Categories
Sports
Geography
Music
Movies
Television
Just For Fun
Miscellaneous
History
Literature
Language
Science
Gaming
Entertainment
Religion
Holiday
For Kids
Quiz Lab
Recent
Popular Today
Quiz Kudos Today
Editor Picks
Curator Picks
Quizzes by...
Day
Popularity
Type
Ratings
Length
Year
Community
Subscriptions
Recent Discussions
Orange Saloon
Badges
Playlists
Quests
Create
Leaderboards
Showdown
Live 5
Trivia Bingo
Activity
Puzzle Library
Sporcle Events
Private Events
Virtual Trivia
Globe League
Become a Host
Pub Owners
SporcleCon
Opinionation
Our Games
Videos
Blog
Mobile Apps
Partnerships
Remove Ads and Go Orange
Feedback
Gaming
Video Games
Board Games
Card Games
Pokémon
Mario
Nintendo
Minecraft
Console
Toys
Legend of Zelda
Gaming
Video Games
Board Games
Card Games
Pokémon
Mario
Nintendo
Minecraft
Console
Toys
Legend of Zelda
Random Quiz
Search Sporcle
×
Quiz Lab
Quiz Lab
Gaming
Board Games
Type in answers that appear in a list
Type in answers that appear in a list
Classic
Best Score? Go Orange.
Castlevania Saga Bosses Stats
Can you name the Castlevania Saga Bosses?
By
rigaldo
18m
173 Questions
259 Plays
259 Plays
259 Plays
Comments
Comments
Give Quiz Kudos
Give Quiz Kudos
-
- Ratings
hide this ad
Random Order
Randomize order of answers
Randomize order of answers
Replay
Link that replays current quiz
Next Quiz
Link to next quiz in quiz playlist
You Got
0%
They Got
Avg Score
29%
Avg Friend Score
Upgrade to see
Score Distribution
Jump to the score distribution portion of the page
Score
0/173
Timer
18:00
0
Plays Today
Game(s)
Boss
% Correct
Nearly All
Dracula
97.3%
Nearly All
The Grim Reaper
91.1%
Nearly All
Medusa
76.8%
Castlevania: Dracula X, Castlevania: Symphony of the Night
Werewolf
72.2%
Castlevania, Castlevania 3, Castlevania: Portrait of Ruin
The Mummy
70.3%
Castlevania: Harmony of Dissonance
Legion
64.9%
Castlevania 3: Dracula's Curse & Castlevania Legends
Alucard
64.1%
Castlevania: Symphony of the Night
The Creature
60.6%
Castlevania: Symphony of the Night, Castlevania: Harmony of Dissonance
Minotaurusu
59.8%
astlevania: Symphony of the Night & Castlevania: Portrait of Ruin
Richter Belmont
57.9%
Castlevania 3: Dracula's Curse, Super Castlevania 4,
Frankenstein
57.1%
Dracula X: Rondo of Blood & Castlevania: Symphony of the Night
Shaft
57.1%
Super Castlevania 4 & Castlevania: Symphony of the Night
Slogra
56%
Dracula X: Rondo of Blood & Castlevania: Circle of the Moon
Camilla
55.2%
Castlevania: Dracula X, Castlevania: Symphony of the Night
Cerberus
55.2%
Castlevania 3: Dracula's Curse
Doppelganger
55.2%
Castlevania 2: Simon's Quest Castlevania: Circle of the Moon
Camilla
55.2%
Castlevania: Bloodlines Castlevania: Harmony of Dissonance
Golem
54.8%
Super Castlevania 4 & Castlevania: Symphony of the Night
Gaibon
53.7%
Dracula X: Rondo of Blood
Shaft's Ghost
50.6%
Castlevania: Curse of Darkness
Trevor
49.4%
Castlevania: Aria of Sorrow, Castlevania: Dawn of Sorrow & Castlevania: Portrait of Ruin
Balore
47.9%
Castlevania: Aria of Sorrow
Julius Belmont
47.9%
Castlevania: Symphony of the Night
Succubus
47.5%
Castlevania: Order of Ecclesia
Albus
47.1%
Castlevania: Symphony of the Night
Galamoth
45.2%
Castlevania: Aria of Sorrow
Chaos
44.8%
Castlevania: Dawn of Sorrow
Dario
41.3%
Castlevania: Portrait of Ruin
Brauner
40.5%
Castlevania: Dawn of Sorrow & Castlevania: Portrait of Ruin
Gergoth
40.5%
Castlevania: Harmony of Dissonance
Maxim
40.5%
Castlevania: Portrait of Ruin
Stella and Loretta
40.5%
Castlevania 3: Dracula's Curse & Castlevania Harmony of Dissonance
Cyclops
39.8%
Castlevania: Symphony of the Night
Olrox
39.8%
Castlevania: Dawn of Sorrow & Castlevania: Portrait of Ruin
Aguni
39.4%
Super Castlevania 4
Akmodan
39.4%
Castlevania: Order of Ecclesia
Giant Skeleton
39.4%
Castlevania: Aria of Sorrow
Graham Jones
39%
Castlevania: Symphony of the Night
Maria Renard
39%
Castlevania: Symphony of the Night
Scylla
39%
Castlevania: Dawn of Sorrow & Castlevania: Portrait of Ruin
Abaddon
38.6%
Castlevania: Portrait or Ruin Castlevania 64 and Castlevania: Legacy of Darkness
Behemoth
38.6%
Castlevania: Order of Ecclesia
Barlowe
38.2%
Dracula X: Rondo of Blood, Castlevania: Dracula X,
Dullahan
37.8%
Castlevania: Circle of the Moon
Hugh Baldwin
37.8%
Castlevania: Harmony of Dissonance
Devil
37.5%
Castlevania: Dawn of Sorrow
Menace
37.5%
Castlevania: Symphony of the Night, Castlevania: Harmony of Dissonance
Granfaloon
37.1%
Castlevania: Circle of the Moon
Necromancer
35.5%
Castlevania: Dawn of Sorrow
Puppet Master
35.5%
Castlevania: Portrait of Ruin
Astarte
34.4%
Castlevania: Dawn of Sorrow
Flying Armor
34%
Castlevania 3: Dracula's Curse & Castlevania: Harmony of Dissonance
Skull Knight King
34%
Castlevania: Dracula X
Skull Sorceress
34%
Castlevania: Symphony of the Night
Darkwing Bat
33.6%
Castlevania: Symphony of the Night
Lesser Demon
33.6%
Dracula X: Rondo of Blood & Castlevania: Curse of Darkness
Wyvern
33.6%
Castlevania: Order of Ecclesia
Blackmore
33.2%
Game(s)
Boss
% Correct
Castlevania: Curse of Darkness
Isaac
32.4%
Castlevania: Symphony of the Night & Castlevania: Dawn of Sorrow
Karasuman
32%
Castlevania: Dawn of Sorrow
Dmitrii
31.7%
Castlevania: Aria of Sorrow
Headhunter
31.7%
Castlevania: Order of Ecclesia
Eligor
31.3%
Super Castlevania 4
Zapf Bat
30.9%
Castlevania: Symphony of the Night
Hippogryph
30.5%
Castlevania: Dawn of Sorrow & Castlevania: Portrait of Ruin
Zephyr
30.5%
Castlevania: Symphony of the Night
Beezelbub
30.1%
Castlevania: Dawn of Sorrow
Bat Company
29.7%
Castlevania: Dawn of Sorrow
Paranoia
29.7%
Castlevania: Bloodlines
Elizabeth Bartley
29.3%
Castlevania: Symphony of the Night
Akmodan II
28.6%
Castlevania: Circle of the Moon
Iron Golem
28.6%
Castlevania: Lament of Innocence
Walter Bernhard
28.6%
Castlevania: Portrait of Ruin
Dagon
28.2%
Super Castlevania 4
Puwexil
28.2%
Castlevania: Order of Ecclesia
Wallman
27.8%
Super Castlevania 4
Koranot
26.6%
Castlevania: Dawn of Sorrow
Rahab
26.6%
Castlevania: Lament of Innocence
Joachim Armster
26.6%
Castlevania: Order of Ecclesia
Maneater
26.3%
Castlevania: Harmony of Dissonance
Max Slimer
26.3%
Castlevania 64 Castlevania: Legacy of Darkness
Actrise
25.9%
Castlevania: Lament of Innocence
Forgotten One
25.9%
Castlevania: Aria of Sorrow
Creaking Skull
25.5%
Dracula X: Rondo of Blood
Dogether
25.5%
Castlevania: Harmony of Dissonance
Peeping Big
25.5%
Castlevania: Harmony of Dissonance
Shadow
25.5%
Castlevania: Curse of Darkness
Saint Germain
25.5%
Castlevania 3: Dracula's Curse
Phantom Bat
25.1%
Castlevania: Circle of the Moon
Dragon Zombies
24.7%
Castlevania 3: Dracula's Curse
Leviathan
24.7%
Castlevania: Order of Ecclesia
Brachyura
24.3%
Castlevania: Aria of Sorrow
Manticore
24.3%
Super Castlevania 4
Rowdain
24.3%
Castlevania: Order of Ecclesia
Arthroverta
23.9%
Super Castlevania 4
Sir Grakul
23.9%
Castlevania: Harmomy of Dissonance
Talos
23.6%
Castlevania: Legacy of Darkness
Ortega
23.6%
Super Castlevania 4
Dancing Specters
23.2%
Castlevania: Portrait of Ruin
Keremet
23.2%
Castlevania: Bloodlines
Hellhound
22.8%
Super Castlevania 4, Castlevania
Orphic Vipers
22.8%
Castlevania: Curse of Darkness
Crazy Armor
22.8%
Dracula X: Rondo of Blood
Bone Golem
22.4%
Akumajo Dracula X68000
She-Wolf
22.4%
Castlevania: Bloodlines
Gear Steamer
22%
Castlevania: Bloodlines
Princess of Moss
22%
Castlevania 2: Simon's Quest
Vampira
22%
Haunted Castle, Castlevania 3: Dracula's Curse, Castlevania 2: Belmont's Revenge & Castlevania Bloodlines
Bone Dragon King
21.6%
Castlevania 3: Dracula's Curse
Nasty Grant
21.6%
Castlevania 2: Belmont's Revenge
Soleiyu-Demon
21.2%
Castlevania 2: Belmont's Revenge
Angel Mummy
20.8%
Castlevania: Bloodlines
Gargoyle Bat
20.8%
Castlevania: Harmony of Dissonance
Giant Merman
20.5%
Castlevania: Order of Ecclesia
Rusalka
20.5%
Castlevania: Lament of Innocence
Flame Elemental
20.5%
Game(s)
Boss
% Correct
Castlevania: Lament of Innocence
Frost Elemental
20.1%
Akumajo Dracula X68000
Skeleton Dragon
19.7%
Castlevania: Legacy of Darkness
Gilles De Rais
19.7%
Castlevania 64 Castlevania: Legacy of Darkness
Renon
19.7%
Castlevania 2: Belmont's Revenge
Darkside
19.3%
Castlevania 2: Belmont's Revenge
Iron Doll
19.3%
Castlevania: Lament of Innocence
Thunder Elemental
18.9%
Castlevania: Lament of Innocence
Undead Parasite
18.9%
Castlevania: Order of Ecclesia
Goliath
18.5%
Castlevania 2: Belmont's Revenge
Kumulo and Nimbler
18.1%
Castlevania: Harmony of Dissonance
Pazuzu
18.1%
Castlevania: Bloodlines
Water Magician
18.1%
Castlevania: Harmony of Dissonance
Living Armor
17.8%
Castlevania 64 Castlevania: Legacy of Darkness
Malus
17.8%
Castlevania 64 Castlevania: Legacy of Darkness
Weretiger
17.4%
Castlevania: Bloodlines
Mecha Knight
17%
Castlevania: Legacy of Darkness
Harpy
17%
Castlevania: Bloodlines
Armor Lord
16.6%
Castlevania: The Dracula X Chronicles
Hydra
16.6%
Castlevania: Curse of Darkness
Nuculais
16.6%
Akumajo Dracula X68000
Ice Lord
16.2%
Castlevania Adventure
The Undermole
16.2%
Castlevania: Circle of the Moon
Adramelech
15.4%
Castlevania 64 Castlevania: Legacy of Darkness
Guardian Skeledragons
15.4%
Castlevania Adventure
Death Bat
15.1%
Castlevania Adventure
Gobanze
15.1%
Castlevania: Aria of Sorrow
Great Armor
15.1%
Haunted Castle
Stain-Glass Knight
14.7%
Castlevania: Bloodlines
Evil Tower Guardians
14.3%
Castlevania: Symphony of the Night & Castlevania: Portrait of Ruin
Fake Trevor, Fake Grant and Fake Sypha
14.3%
Castlevania 64 Castlevania: Legacy of Darkness
Dracula's Servant
14.3%
Castlevania 64 Castlevania: Legacy of Darkness
Charles Vincent
14.3%
Castlevania 64 Castlevania: Legacy of Darkness
Fernandez
14.3%
Castlevania: Order of Shadows
Rohan Krause
13.9%
Castlevania Legends
Death Dragon
13.5%
Castlevania: Legacy of Darkness
Vampire Oldrey
13.5%
Castlevania: Aria of Sorrow
Big Golem
12.7%
Castlevania 64 Castlevania: Legacy of Darkness
Demon Bull
12.7%
Castlevania Legends
Flying Dragon
12.4%
Castlevania Legends
Ninjotaur
12.4%
Castlevania: Symphony of the Night
Skeleton Leader
12%
Castlevania: Order of Ecclesia
Gravedorcus
11.2%
Castlevania: Legacy of Darkness
Were-Cougar
11.2%
Castlevania 64 Castlevania: Legacy of Darkness
Giant Ape Skeleton
10.8%
Castlevania 64 Castlevania: Legacy of Darkness
Werebull
10.8%
Castlevania: Legacy of Darkness
Warewolf
10.8%
Castlevania 64 Castlevania: Legacy of Darkness
Rose
9.3%
Castlevania: Legacy of Darkness
Security Crystal
9.3%
Castlevania: Curse of Darkness
Skeleton Diver
8.9%
Castlevania Legends
Executioner
6.6%
Castlevania: Dracula X
Warlock
6.6%
Castlevania 64 Castlevania: Legacy of Darkness
Vampire & Female Vampire
6.6%
Castlevania Legends
Creature Bat
6.2%
Castlevania: Order of Shadows
Order Knight
5%
Castlevania: Legacy of Darkness
Spider Woman Queen
3.9%
Castlevania 64 Castlevania: Legacy of Darkness
Were-Leopard
3.9%
Haunted Castle
Giant Rock Creature
2.3%
Quiz Playlist
Details
Report
Send in Message
Add To Playlist
Classic:
Type in answers that appear in a list
Random Order:
Randomize order of answers
Quiz Source
Last Updated: Feb 16, 2017
Quiz Scoreboard
CHALLENGE
Sign Up to Join the Scoreboard
Show All
Scores
Hide
Comments
May contain spoilers
Recently Published
Two Season TV Shows II
by 123Four
Television
10m
Image Sorting: Flags VI
by Barbecue
Geography
2m
Find the 'City' Movie
by crazypaving
Movies
60s
More to Explore
Quiz From the Vault
Featured Blog Post
14 Easter Pick-up Lines to Find Eggs With
hide this ad
You Might Also Like...
Tags
Board Games Quiz
boss
Castlevania
Castlevania Saga
saga
Today's Top Quizzes in Gaming
Browse Gaming
hide this ad
Today's Top Quizzes in Board Games
Browse Board Games
Top Contributed Quizzes in Gaming
1
League of Legends Pro Players by Career/Team History
2
Destiny 2 exotic weapons by perk icons
3
Genshin Impact Logic Puzzle
4
Genshin murder mystery
5
Dead By Daylight Logic Puzzle
6
4x4 Decades: Video Games
7
Ultimate Genshin Impact Logic Puzzle (up to 4.3)
8
Genshin Impact Logic Puzzle Quiz
9
Overwatch Logic Puzzle
10
Who's on the WWE 2K24 Cover?
Explore More
Trending Topics
Disney
Marvel
Crossword
Harry Potter
Kpop
Anime
NBA
NFL
Country
Pokémon
The Office
Song
Soccer
Puzzle
WWE
hide this ad
More By:
rigaldo
Quiz
Plays
Rating
Category
Featured
Created
Anime by Villain or Villains
1,180
3.00
Television
May 5, 2015
Anime Female Protagonists by Show
1,116
2.80
Television
Nov 21, 2009
Kingdom Hearts II Bosses
890
2.33
Gaming
Feb 27, 2010
Final Fantasy X Bosses
602
4.14
Gaming
Dec 1, 2009
Castlevania Protagonist
529
5.00
Gaming
Oct 31, 2009
Go to Creator's Profile
Score Distribution
Quiz Creator Spotlight
rigaldo
Follow
Send a Message
Quizzes Created
-
Created Quiz Play Count
-
More By This Creator
Popular Quizzes Today
1
Find the US States - No Outlines Minefield
2
Colored Red Africa Blitz
3
Find the 'City' Movie
4
5x2 Blitz: Bands
5
The Countries of the World
6
Find the Countries of Europe - No Outlines Minefield
7
Find the US States
8
US States
More Gaming Quizzes
Find Five: Board Games
Published
Trending Quizzes
Colored Red Europe Blitz I
Colored Red Africa Blitz II
Colored Red Europe Blitz II
Colored Red Africa Blitz III
Colored Red Europe Blitz III
Recently Updated
How Do You Spell That?
pecheneg
Godzilla Movies
pecheneg
Grab Bag: 4-10 Letters
pecheneg
2024 March Madness Bracket
pecheneg
Famous TV Couples
Peacemaker
Champions League XIs: Real Madrid
pecheneg
Largest US Cities 1790-2010
pecheneg
Rides in Walt Disney World
pecheneg
Most Oscar Losses (Acting)
pecheneg
Beyoncé Albums
pecheneg
Trending Topics
Harry Potter
Crossword
NBA
Disney
Marvel
Kpop
Anime
The Office
Country
Soccer
Puzzle
Song
WWE
NFL
Pokémon
Your Account Isn't Verified!
In order to create a playlist on Sporcle, you need to verify the email address you used during registration. Go to your
Sporcle Settings
to finish the process.
Report this User
Report this user for behavior that violates our
Community Guidelines
.
Details:
Send Report
Go to the Sporcle.com Mobile Site →
Comments